Tratado de los derechos fundamentales : perspectivas multidisciplinares /

Detalles Bibliográficos
Otros Autores: Torres Manrique, Jorge Isaac (Editor), Ramidoff, Mário Luiz, 1963- (Editor), Moreira Domingos, Isabela (Editor), Martínez Lazcano, Alfonso Jaime (contributor agent of text.)
Formato: Electrónico eBook
Lenguaje:español
portugués
Publicado: Santiago, Chile : Ediciones Olejnik, [2022]
Colección:Biblioteca recientes y próximos escenarios de los ordenamientos jurídicos.
Materias:
Acceso en línea:Digitalia Hispánica

MARC

LEADER 00000nam a2200000Ii 4500
001 DIGOLEJNK1274
003 NyNyDIG
006 m o d
007 cr |||||||||||
008 260106s2022 cl ob 000 0 spa d
035 |a (OCoLC)1568983225 
040 |a DGITA  |b eng  |e rda  |e pn  |c DGITA 
020 |z 9789564070650 
041 0 |a spa  |a por 
050 1 4 |a K3236 ebook 
245 0 0 |a Tratado de los derechos fundamentales :  |b perspectivas multidisciplinares /  |c Jorge Isaac Torres Manrique, Mário Luiz Ramidoff, Isabela Moreira Domingos, dirección científica ; prólogo, Alfonso Jaime Martínez Lazcano.  
264 1 |a Santiago, Chile :  |b Ediciones Olejnik,  |c [2022] 
300 |a 1 online resource. 
336 |a text  |b txt  |2 rdacontent 
337 |a computer  |b c  |2 rdamedia 
338 |a online resource  |b cr  |2 rdacarrier 
347 |a text file  |2 rdaft 
347 |b PDF 
490 1 |a Biblioteca recientes y próximos escenarios de los ordenamientos jurídicos 
504 |a Includes bibliographical references. 
546 |a Text chiefly in Spanish with some articles in Portuguese. 
588 0 |a Online resource; title from PDF title page (Digitalia, viewed January 6, 2026) 
650 0 |a Civil rights. 
650 0 |a Human rights. 
650 0 |a Constitutional law. 
650 0 |a Judicial review. 
700 1 |a Torres Manrique, Jorge Isaac,  |e editor. 
700 1 |a Ramidoff, Mário Luiz,  |d 1963-  |e editor. 
700 1 |a Moreira Domingos, Isabela,  |e editor. 
700 1 |a Martínez Lazcano, Alfonso Jaime,  |e contributor agent of text. 
791 2 |a Digitalia (Firm),  |e distributor. 
793 0 |g Digitalia eBook Collection:  |a Ediciones Olejnik 
776 0 8 |i Print version:  |t Tratado de los derechos fundamentales.  |d Santiago, Chile : Ediciones Olejnik, 2022  |z 9789564070650 
830 0 |a Biblioteca recientes y próximos escenarios de los ordenamientos jurídicos. 
856 4 0 |3 Digitalia Hispánica  |u https://www.digitaliapublishing.com/a/157780/ 
910 |a Premium collection: 2026